| Tag |
First Indicator |
Second Indicator |
Subfields |
| LEADER |
00000cem a2200000 a 4500 |
| 001 |
in00001023521 |
| 005 |
20150928092723.0 |
| 007 |
aj aanzn |
| 008 |
910415q19701979nyu a 1 eng d |
| 034 |
1 |
|
|a a
|b 600000
|
| 035 |
|
|
|a (OCoLC)23466377
|
| 035 |
|
|
|9 AFF0766AM
|
| 040 |
|
|
|a TXA
|c TXA
|d UtOrBLW
|
| 049 |
|
|
|a TXAC
|
| 052 |
|
|
|a 3761
|
| 090 |
|
|
|a G3761.A1 1975
|b .A4
|
| 110 |
2 |
|
|a American Map Corporation.
|
| 245 |
1 |
0 |
|a County outline Massachusetts.
|
| 255 |
|
|
|a Scale [ca. 1:600,000]
|
| 264 |
|
1 |
|a [New York, N.Y.] :
|b American Map Company, Inc.,
|c [between 1970 and 1979?]
|
| 300 |
|
|
|a 1 map ;
|c 37 x 51 cm.
|
| 336 |
|
|
|a cartographic image
|b cri
|2 rdacontent
|
| 337 |
|
|
|a unmediated
|b n
|2 rdamedia
|
| 338 |
|
|
|a sheet
|b nb
|2 rdacarrier
|
| 490 |
0 |
|
|a Map no. 519
|
| 500 |
|
|
|a At head of title: Cleartype.
|
| 500 |
|
|
|a In lower left corner: Massachusetts Number 519.
|
| 500 |
|
|
|a Includes indexed listing of counties.
|
| 500 |
|
|
|a Cartographic material.
|
| 651 |
|
0 |
|a Massachusetts
|x Administrative and political divisions
|x Maps.
|
| 740 |
0 |
|
|a Massachusetts.
|
| 999 |
|
|
|a MARS
|
| 999 |
f |
f |
|s 746b8548-93c8-38f5-953a-0669746d61b2
|i 1c818170-9e94-31a3-9062-1cb3244f708c
|t 0
|
| 952 |
f |
f |
|p normal
|a Texas A&M University
|b College Station
|c Sterling C. Evans Library
|d Evans: Maps (2nd floor)
|t 0
|e G3761.A1 1975 .A4
|h Library of Congress classification
|i unmediated -- sheet
|m A14813438332
|
| 998 |
f |
f |
|a G3761.A1 1975 .A4
|t 0
|l Evans: Maps (2nd floor)
|